| 000 | 00730nam a22001337a 4500 | ||
|---|---|---|---|
| 040 | _cRUA | ||
| 082 | _aVEM SY 2015 B481 Or.1 | ||
| 100 | _aSY SREY; ស៊ី ស្រី | ||
| 245 | _aServey on broiler's diseases in chhay leng farm at prek phnov district, phnom penh, ការអង្កេតលើជងឺដែលជួបប្រទះទៅលើមាន់សាច់នៅក្នុងកសិដ្ឋាន ឆាយ ឡេង ក្នុងខណ្ឌព្រែកព្នៅ រាជធានីភ្នំពេញ | ||
| 260 |
_aPhnom Penh _bRUA _c2015 |
||
| 300 |
_aviii,36p. _bill. _c29cm. |
||
| 856 | _uhttps://drive.google.com/file/d/18Xmh9bpCEjWwOujyOkYUoGQspWC3y5dE/view?usp=sharing | ||
| 942 | _cVEM | ||
| 999 |
_c8153 _d8153 |
||